000 00749nam a22002057a 4500
999 _c61685
_d61685
005 20240417095110.0
008 240417s2006 enk||||| |||| 00| 0 eng d
020 _a9780340927700x
041 _aeng
080 _a616-083 B-89
100 _aBrown, Anthony F. T.
_921827
245 _aEmergency Medicine :
_bEmergency and Acute Medicine : Diagnosis and Management /
_c Anthony F. T. Brown, Mike Cadogan.
250 _aFifth edition
264 _aOxford :
_bHodder Arnold,
_c2006.
300 _a508 p.:
_bill.;
_c20 cm.
653 _aგადაუდებელი მედიცინა
653 _aდიაგნოზი და მართვა
700 _aCadogan, Mike
_eავტორი
_921828
942 _2udc
_cᲬᲘᲒᲜᲘ